| 000 | 00430nam a22001697a 4500 | ||
|---|---|---|---|
| 003 | CEME | ||
| 005 | 20210628203338.0 | ||
| 008 | 210305b xxu||||| |||| 00| 0 eng d | ||
| 020 | _a0-333-39812-2 | ||
| 040 | _c. | ||
| 082 | _a808.84 BAR | ||
| 245 | _aIssues in contemporary critical theory | ||
| 260 |
_aNEW YORK _bBARRY, P _c1987 |
||
| 300 | _a195P | ||
| 650 |
_aENGLISH LITERATURE-CRITICAL ESSAYS _923462 |
||
| 942 |
_cBK _2ddc |
||
| 999 |
_c573236 _d573236 |
||